Posconflicto y desarrollo : (Registro nro. 7240)

Detalles MARC
000 -LEADER
fixed length control field 01327nam a22002537a 4500
003 - CONTROL NUMBER IDENTIFIER
control field OSt
005 - DATE AND TIME OF LATEST TRANSACTION
control field 20210218130526.0
008 - FIXED-LENGTH DATA ELEMENTS--GENERAL INFORMATION
fixed length control field 210218s2006 ck ad||gr|||| 00| 0dspa d
020 ## - INTERNATIONAL STANDARD BOOK NUMBER
International Standard Book Number 9789589285718
040 ## - CATALOGING SOURCE
Original cataloging agency CO-JMCR
Transcribing agency CO-JMCR
041 0# - LANGUAGE CODE
Language code of text/sound track or separate title spa
082 04 - DEWEY DECIMAL CLASSIFICATION NUMBER
Classification number 338.9861 /
Item number L159p
Edition number 23
100 1# - MAIN ENTRY--PERSONAL NAME
Personal name Lafaurie Rivera, José Félix,
Relator term autor
9 (RLIN) 9611
245 10 - TITLE STATEMENT
Title Posconflicto y desarrollo :
Remainder of title inversiones sustitutivas de impuestos : una propuesta de inclusión y desarrollo rural /
Statement of responsibility, etc. José Félix Lafaurie Rivera
260 ## - PUBLICATION, DISTRIBUTION, ETC.
Place of publication, distribution, etc. Bogotá :
Name of publisher, distributor, etc. Konrad Adenauer Stiftung,
Date of publication, distribution, etc. 2006
300 ## - PHYSICAL DESCRIPTION
Extent 495 páginas :
Other physical details ilustraciones y gráficos a blanco y negro ;
Dimensions 24 cm.
500 ## - GENERAL NOTE
General note Incluye notas a pie de página y datos biográficos del autor.
505 0# - FORMATTED CONTENTS NOTE
Formatted contents note El sesgo anti-rural de los modelos de desarrollo -- Indicadores sociales del sector rural -- La destrucción de la institucionalidad y la civilidad -- La política de seguridad democrática -- Más allá de las armas -- De la inequidad a una visión rural 2019 -- La propuesta: inversiones sustitutivas de impuestos
650 14 - SUBJECT ADDED ENTRY--TOPICAL TERM
Topical term or geographic name entry element Agricultura
General subdivision aspectos económicos
Geographic subdivision Colombia
9 (RLIN) 7065
650 24 - SUBJECT ADDED ENTRY--TOPICAL TERM
Topical term or geographic name entry element Reforma agraria
Geographic subdivision Colombia
9 (RLIN) 13644
650 24 - SUBJECT ADDED ENTRY--TOPICAL TERM
Topical term or geographic name entry element Campesinos
General subdivision condiciones sociales
Geographic subdivision Colombia
9 (RLIN) 7085
650 24 - SUBJECT ADDED ENTRY--TOPICAL TERM
Topical term or geographic name entry element Política y gobierno
Chronological subdivision 2000-2006
Geographic subdivision Colombia
9 (RLIN) 13645
942 ## - ADDED ENTRY ELEMENTS (KOHA)
Source of classification or shelving scheme Dewey Decimal Classification
Koha item type Books
Existencias
Withdrawn status Lost status Source of classification or shelving scheme Damaged status Not for loan Collection code Home library Current library Date acquired Source of acquisition Total Checkouts Full call number Barcode Date last seen Copy number Price effective from Koha item type
    Dewey Decimal Classification     Non-fiction Biblioteca Pública José María del Castillo y Rada Biblioteca Pública José María del Castillo y Rada 10/02/2020 Donación   338.9861 / L159p 201810347 05/16/2024 Ej.1 02/18/2021 Books